[Event "Grand Swiss "]
[Date "2025.09.08"]
[White "Saric, Ivan"]
[Black "Svane, Rasmus"]
[WhiteElo "2655"]
[BlackElo "2620"]
[Round "5.5.42"]
[Result "1-0"]

1. e4 {[%clk 01:40:57] [%emt 00:00:02]} e5 {[%clk 01:40:56] [%emt 00:00:04]} 2.
Nf3 {[%clk 01:41:23] [%emt 00:00:04]} Nc6 {[%clk 01:41:20] [%emt 00:00:06]} 3.
Bb5 {[%clk 01:41:47] [%emt 00:00:07]} Nf6 {[%clk 01:41:39] [%emt 00:00:09]} 4.
d3 {[%clk 01:41:59] [%emt 00:00:20]} Bc5 {[%clk 01:42:03] [%emt 00:00:06]} 5.
Bxc6 {[%clk 01:42:09] [%emt 00:00:19]} dxc6 {[%clk 01:42:27] [%emt 00:00:06]} 6.
Nbd2 {[%clk 01:42:24] [%emt 00:00:16]} Be6 {[%clk 01:40:19] [%emt 00:02:37]} 7.
O-O {[%clk 01:42:01] [%emt 00:00:53]} Bd6 {[%clk 01:40:10] [%emt 00:00:40]} 8.
Nb3 {[%clk 01:41:42] [%emt 00:00:49]} a5 {[%clk 01:37:08] [%emt 00:03:31]} 9.
Qe1 {[%clk 01:41:45] [%emt 00:00:27]} a4 {[%clk 01:33:21] [%emt 00:04:17]} 10.
Na5 {[%clk 01:41:57] [%emt 00:00:18]} Qb8 {[%clk 01:33:10] [%emt 00:00:41]} 11.
b4 {[%clk 01:40:16] [%emt 00:02:11]} O-O {[%clk 01:32:57] [%emt 00:00:43]} 12.
Ng5 {[%clk 01:35:30] [%emt 00:05:16]} Re8 {[%clk 01:28:50] [%emt 00:04:36]} 13.
Nxe6 {[%clk 01:34:06] [%emt 00:01:54]} Rxe6 {[%clk 01:29:15] [%emt 00:00:06]}
14. Nc4 {[%clk 01:29:07] [%emt 00:05:29]} Bf8 {[%clk 01:02:04] [%emt 00:27:40]}
15. Rb1 {[%clk 01:20:12] [%emt 00:09:25]} b5 {[%clk 00:55:54] [%emt 00:06:41]}
16. Ne3 {[%clk 01:20:37] [%emt 00:00:04]} c5 {[%clk 00:50:07] [%emt 00:06:17]}
17. bxc5 {[%clk 01:19:11] [%emt 00:01:56]} c6 {[%clk 00:39:19] [%emt 00:11:18]}
18. Kh1 {[%clk 01:13:45] [%emt 00:05:55]} Qa7 {[%clk 00:23:36] [%emt 00:16:14]}
19. f4 {[%clk 01:04:04] [%emt 00:10:12]} exf4 {[%clk 00:24:01] [%emt 00:00:04]}
20. Rxf4 {[%clk 01:04:10] [%emt 00:00:24]} Qxc5 {[%clk 00:24:00] [%emt
00:00:30]} 21. Rf5 {[%clk 00:49:21] [%emt 00:15:19]} Qe7 {[%clk 00:24:04] [%emt
00:00:25]} 22. Rf3 {[%clk 00:42:44] [%emt 00:07:08]} g6 {[%clk 00:16:10] [%emt
00:08:24]} 23. Bb2 {[%clk 00:40:36] [%emt 00:02:38]} Bg7 {[%clk 00:15:23] [%emt
00:01:17]} 24. h3 {[%clk 00:35:37] [%emt 00:05:30]} Re8 {[%clk 00:14:21] [%emt
00:01:32]} 25. c4 {[%clk 00:31:14] [%emt 00:04:53]} Nxe4 {[%clk 00:08:56] [%emt
00:05:55]} 26. dxe4 {[%clk 00:31:19] [%emt 00:00:25]} Bxb2 {[%clk 00:09:12]
[%emt 00:00:14]} 27. Rxb2 {[%clk 00:31:43] [%emt 00:00:07]} Rxe4 {[%clk
00:09:38] [%emt 00:00:03]} 28. Re2 {[%clk 00:22:31] [%emt 00:09:42]} Rxc4 {[%clk
00:05:45] [%emt 00:04:23]} 29. Qa1 {[%clk 00:20:58] [%emt 00:02:03]} Qg5 {[%clk
00:02:20] [%emt 00:03:55]} 30. a3 {[%clk 00:11:02] [%emt 00:10:27]} Rce4 {[%clk
00:02:01] [%emt 00:00:48]} 31. Qc3 {[%clk 00:08:24] [%emt 00:03:09]} R8e6 {[%clk
00:01:37] [%emt 00:00:54]} 32. Nf5 {[%clk 00:08:01] [%emt 00:00:54]} f6 {[%clk
00:01:06] [%emt 00:01:01]} 33. Rxe4 {[%clk 00:07:45] [%emt 00:00:46]} Rxe4
{[%clk 00:01:32] [%emt 00:00:03]} 34. h4 {[%clk 00:06:57] [%emt 00:01:18]} Qh5
{[%clk 00:01:30] [%emt 00:00:32]} 35. g4 {[%clk 00:06:53] [%emt 00:00:35]} Rxg4
{[%clk 00:00:56] [%emt 00:01:04]} 36. Ne7+ {[%clk 00:07:16] [%emt 00:00:07]} Kf7
{[%clk 00:01:19] [%emt 00:00:07]} 37. Qxf6+ {[%clk 00:07:39] [%emt 00:00:07]}
Ke8 {[%clk 00:01:45] [%emt 00:00:04]} 38. Qf7+ {[%clk 00:07:51] [%emt 00:00:18]}
Kd7 {[%clk 00:00:55] [%emt 00:01:20]} 39. Rd3+ {[%clk 00:07:32] [%emt 00:00:49]}
Kc7 {[%clk 00:01:21] [%emt 00:00:04]} 40. Nd5+ {[%clk 00:07:50] [%emt 00:00:12]}
1-0

[Site "Europe Echecs"]

[Event "Grand Swiss "]
[Date "2025.09.08"]
[White "Grandelius, Nils"]
[Black "Donchenko, Alexander"]
[WhiteElo "2648"]
[BlackElo "2624"]
[Round "5.5.43"]
[Result "1-0"]

1. e4 {[%clk 01:40:50] [%emt 00:00:08]} c6 {[%clk 01:40:54] [%emt 00:00:07]} 2.
Nf3 {[%clk 01:40:00] [%emt 00:01:20]} d5 {[%clk 01:41:16] [%emt 00:00:08]} 3.
Nc3 {[%clk 01:40:07] [%emt 00:00:23]} dxe4 {[%clk 01:41:30] [%emt 00:00:16]} 4.
Nxe4 {[%clk 01:40:28] [%emt 00:00:09]} Nf6 {[%clk 01:41:53] [%emt 00:00:08]} 5.
Qe2 {[%clk 01:40:30] [%emt 00:00:26]} Na6 {[%clk 01:42:01] [%emt 00:00:23]} 6.
d4 {[%clk 01:34:34] [%emt 00:06:26]} Nxe4 {[%clk 01:41:47] [%emt 00:00:44]} 7.
Qxe4 {[%clk 01:34:57] [%emt 00:00:07]} Qd5 {[%clk 01:42:01] [%emt 00:00:16]} 8.
Qxd5 {[%clk 01:35:05] [%emt 00:00:22]} cxd5 {[%clk 01:42:23] [%emt 00:00:08]} 9.
Ne5 {[%clk 01:35:27] [%emt 00:00:06]} Nb8 {[%clk 01:41:39] [%emt 00:01:16]} 10.
Bb5+ {[%clk 01:32:57] [%emt 00:02:59]} Nd7 {[%clk 01:41:52] [%emt 00:00:17]} 11.
h4 {[%clk 01:33:19] [%emt 00:00:08]} f6 {[%clk 01:39:18] [%emt 00:03:04]} 12.
Ng4 {[%clk 01:33:28] [%emt 00:00:21]} a6 {[%clk 01:31:38] [%emt 00:08:11]} 13.
Be2 {[%clk 01:26:20] [%emt 00:07:36]} e5 {[%clk 01:20:27] [%emt 00:11:42]} 14.
c3 {[%clk 00:58:10] [%emt 00:28:40]} exd4 {[%clk 01:12:59] [%emt 00:07:58]} 15.
cxd4 {[%clk 00:57:58] [%emt 00:00:42]} Nb6 {[%clk 01:12:37] [%emt 00:00:52]} 16.
O-O {[%clk 00:50:01] [%emt 00:08:27]} Bd6 {[%clk 01:02:57] [%emt 00:10:10]} 17.
Bf3 {[%clk 00:42:13] [%emt 00:08:18]} Be6 {[%clk 00:56:57] [%emt 00:06:30]} 18.
Ne3 {[%clk 00:38:03] [%emt 00:04:40]} Kf7 {[%clk 00:49:32] [%emt 00:07:56]} 19.
a4 {[%clk 00:36:43] [%emt 00:01:49]} a5 {[%clk 00:45:54] [%emt 00:04:07]} 20.
Bd2 {[%clk 00:36:11] [%emt 00:01:01]} Rhc8 {[%clk 00:37:03] [%emt 00:09:23]} 21.
b3 {[%clk 00:35:51] [%emt 00:00:49]} f5 {[%clk 00:31:50] [%emt 00:05:44]} 22.
Rfc1 {[%clk 00:26:26] [%emt 00:09:54]} Rxc1+ {[%clk 00:21:34] [%emt 00:10:47]}
23. Rxc1 {[%clk 00:26:46] [%emt 00:00:10]} g6 {[%clk 00:20:48] [%emt 00:01:17]}
24. g3 {[%clk 00:18:09] [%emt 00:09:07]} Ke8 {[%clk 00:16:58] [%emt 00:04:21]}
25. Ng2 {[%clk 00:16:11] [%emt 00:02:28]} Bd7 {[%clk 00:14:45] [%emt 00:02:42]}
26. Nf4 {[%clk 00:15:52] [%emt 00:00:49]} Bc6 {[%clk 00:14:06] [%emt 00:01:10]}
27. Re1+ {[%clk 00:14:52] [%emt 00:01:29]} Kf7 {[%clk 00:13:17] [%emt 00:01:20]}
28. Ne6 {[%clk 00:12:14] [%emt 00:03:07]} Nd7 {[%clk 00:10:03] [%emt 00:03:44]}
29. Ng5+ {[%clk 00:09:46] [%emt 00:02:59]} Kg7 {[%clk 00:10:08] [%emt 00:00:25]}
30. Ne6+ {[%clk 00:05:11] [%emt 00:05:05]} Kf7 {[%clk 00:09:22] [%emt 00:01:16]}
31. h5 {[%clk 00:05:21] [%emt 00:00:20]} Nf6 {[%clk 00:05:20] [%emt 00:04:32]}
32. Ng5+ {[%clk 00:05:41] [%emt 00:00:10]} Kf8 {[%clk 00:05:49] [%emt 00:00:02]}
33. Re6 {[%clk 00:03:42] [%emt 00:02:28]} Be7 {[%clk 00:06:17] [%emt 00:00:02]}
34. h6 {[%clk 00:03:06] [%emt 00:01:06]} Ne4 {[%clk 00:04:36] [%emt 00:02:11]}
35. Bxe4 {[%clk 00:02:50] [%emt 00:00:46]} dxe4 {[%clk 00:04:23] [%emt
00:00:43]} 36. Nxh7+ {[%clk 00:02:00] [%emt 00:01:20]} Kf7 {[%clk 00:04:52]
[%emt 00:00:01]} 37. Re5 {[%clk 00:02:20] [%emt 00:00:09]} e3 {[%clk 00:01:11]
[%emt 00:04:11]} 38. Bxe3 {[%clk 00:02:15] [%emt 00:00:35]} Bf6 {[%clk 00:00:32]
[%emt 00:01:10]} 39. Ng5+ {[%clk 00:01:42] [%emt 00:01:03]} Kg8 {[%clk 00:00:46]
[%emt 00:00:16]} 40. Re6 {[%clk 00:01:55] [%emt 00:00:16]} Rf8 {[%clk 00:00:47]
[%emt 00:00:29]} 41. Rxf6 {[%clk 00:49:00] [%emt 00:03:25]} Rxf6 {[%clk
00:51:11] [%emt 00:00:06]} 42. h7+ {[%clk 00:49:24] [%emt 00:00:06]} Kg7 {[%clk
00:51:34] [%emt 00:00:07]} 43. d5 {[%clk 00:49:34] [%emt 00:00:20]} 1-0

[Site "Europe Echecs"]

[Event "Grand Swiss "]
[Date "2025.09.08"]
[White "Najer, Evgeniy"]
[Black "Chigaev, Maksim"]
[WhiteElo "2613"]
[BlackElo "2638"]
[Round "5.5.44"]
[Result "1/2-1/2"]

1. e4 {[%clk 01:40:57] [%emt 00:00:02]} e5 {[%clk 01:40:54] [%emt 00:00:06]} 2.
Nf3 {[%clk 01:41:17] [%emt 00:00:10]} Nc6 {[%clk 01:41:19] [%emt 00:00:06]} 3.
Bb5 {[%clk 01:41:37] [%emt 00:00:10]} g6 {[%clk 01:41:40] [%emt 00:00:09]} 4. d4
{[%clk 01:39:59] [%emt 00:02:08]} exd4 {[%clk 01:42:02] [%emt 00:00:08]} 5. Bg5
{[%clk 01:36:59] [%emt 00:03:30]} Be7 {[%clk 01:41:27] [%emt 00:01:04]} 6. Bxe7
{[%clk 01:32:19] [%emt 00:05:11]} Qxe7 {[%clk 01:41:47] [%emt 00:00:10]} 7. O-O
{[%clk 01:30:11] [%emt 00:02:38]} Qb4 {[%clk 01:42:10] [%emt 00:00:07]} 8. Bxc6
{[%clk 01:26:00] [%emt 00:04:42]} dxc6 {[%clk 01:41:13] [%emt 00:01:26]} 9. Qxd4
{[%clk 01:25:48] [%emt 00:00:43]} Qxd4 {[%clk 01:41:22] [%emt 00:00:20]} 10.
Nxd4 {[%clk 01:26:15] [%emt 00:00:03]} Ne7 {[%clk 01:37:06] [%emt 00:04:45]} 11.
Nc3 {[%clk 01:25:37] [%emt 00:01:09]} Bd7 {[%clk 01:35:12] [%emt 00:02:23]} 12.
Rad1 {[%clk 01:17:15] [%emt 00:08:53]} O-O-O {[%clk 01:28:28] [%emt 00:07:14]}
13. f4 {[%clk 01:11:02] [%emt 00:06:43]} c5 {[%clk 01:11:51] [%emt 00:17:07]}
14. Nf3 {[%clk 01:10:13] [%emt 00:01:19]} Nc6 {[%clk 01:11:01] [%emt 00:01:20]}
15. Nd5 {[%clk 00:34:11] [%emt 00:36:32]} f5 {[%clk 00:51:03] [%emt 00:20:28]}
16. e5 {[%clk 00:31:51] [%emt 00:02:50]} Be6 {[%clk 00:47:58] [%emt 00:03:34]}
17. c4 {[%clk 00:21:49] [%emt 00:10:34]} Nd4 {[%clk 00:43:29] [%emt 00:04:59]}
18. Nxd4 {[%clk 00:17:35] [%emt 00:04:44]} cxd4 {[%clk 00:43:50] [%emt
00:00:09]} 19. Rxd4 {[%clk 00:17:44] [%emt 00:00:21]} c6 {[%clk 00:44:17] [%emt
00:00:02]} 20. Rfd1 {[%clk 00:18:00] [%emt 00:00:14]} cxd5 {[%clk 00:41:29]
[%emt 00:03:19]} 21. cxd5 {[%clk 00:18:29] [%emt 00:00:01]} Bg8 {[%clk 00:31:44]
[%emt 00:10:15]} 22. e6 {[%clk 00:17:55] [%emt 00:01:04]} Rd6 {[%clk 00:30:31]
[%emt 00:01:43]} 23. Rc4+ {[%clk 00:11:58] [%emt 00:06:27]} Kd8 {[%clk 00:30:10]
[%emt 00:00:50]} 24. Re1 {[%clk 00:11:14] [%emt 00:01:14]} Bxe6 {[%clk 00:19:20]
[%emt 00:11:20]} 25. dxe6 {[%clk 00:11:39] [%emt 00:00:06]} Re8 {[%clk 00:19:46]
[%emt 00:00:03]} 26. Kf2 {[%clk 00:02:54] [%emt 00:09:15]} Rexe6 {[%clk
00:20:06] [%emt 00:00:10]} 27. Rxe6 {[%clk 00:03:22] [%emt 00:00:02]} Rxe6
{[%clk 00:20:34] [%emt 00:00:02]} 28. h3 {[%clk 00:03:33] [%emt 00:00:19]} Kd7
{[%clk 00:20:26] [%emt 00:00:37]} 29. g4 {[%clk 00:03:59] [%emt 00:00:05]} Rc6
{[%clk 00:20:17] [%emt 00:00:38]} 30. Rb4 {[%clk 00:03:32] [%emt 00:00:57]} Rc2+
{[%clk 00:19:43] [%emt 00:01:04]} 31. Kg3 {[%clk 00:01:39] [%emt 00:02:23]} Kc6
{[%clk 00:20:03] [%emt 00:00:10]} 32. Kh4 {[%clk 00:00:44] [%emt 00:01:25]} a5
{[%clk 00:18:26] [%emt 00:02:07]} 33. Rb3 {[%clk 00:01:13]} b5 {[%clk 00:18:22]
[%emt 00:00:34]} 34. gxf5 {[%clk 00:01:34] [%emt 00:00:09]} gxf5 {[%clk
00:17:29] [%emt 00:01:22]} 35. Kg5 {[%clk 00:01:42] [%emt 00:00:23]} b4 {[%clk
00:16:59] [%emt 00:00:59]} 36. a3 {[%clk 00:01:49] [%emt 00:00:24]} Kb5 {[%clk
00:14:04] [%emt 00:03:25]} 37. axb4 {[%clk 00:02:08] [%emt 00:00:11]} a4 {[%clk
00:12:15] [%emt 00:02:18]} 38. Re3 {[%clk 00:02:36] [%emt 00:00:02]} Rxb2 {[%clk
00:11:22] [%emt 00:01:24]} 39. Kxf5 {[%clk 00:01:40] [%emt 00:01:26]} Kxb4
{[%clk 00:09:51] [%emt 00:02:00]} 40. Re7 {[%clk 00:01:47] [%emt 00:00:23]} h6
{[%clk 00:06:40] [%emt 00:03:39]} 1/2-1/2

[Site "Europe Echecs"]

[Event "Grand Swiss "]
[Date "2025.09.08"]
[White "Daneshvar, Bardiya"]
[Black "Bacrot, Etienne"]
[WhiteElo "2598"]
[BlackElo "2637"]
[Round "5.5.45"]
[Result "0-1"]

1. d4 {[%clk 01:40:58] [%emt 00:00:02]} d5 {[%clk 01:40:54] [%emt 00:00:06]} 2.
c4 {[%clk 01:41:26] [%emt 00:00:03]} dxc4 {[%clk 01:41:19] [%emt 00:00:05]} 3.
Nf3 {[%clk 01:41:54] [%emt 00:00:02]} Nf6 {[%clk 01:41:43] [%emt 00:00:06]} 4.
e3 {[%clk 01:42:22] [%emt 00:00:03]} e6 {[%clk 01:42:07] [%emt 00:00:05]} 5.
Bxc4 {[%clk 01:42:49] [%emt 00:00:03]} a6 {[%clk 01:42:32] [%emt 00:00:05]} 6.
O-O {[%clk 01:43:15] [%emt 00:00:04]} c5 {[%clk 01:42:58] [%emt 00:00:04]} 7.
Re1 {[%clk 01:43:43] [%emt 00:00:02]} b5 {[%clk 01:40:25] [%emt 00:03:03]} 8.
Bf1 {[%clk 01:44:02] [%emt 00:00:11]} cxd4 {[%clk 01:40:49] [%emt 00:00:06]} 9.
Nxd4 {[%clk 01:44:21] [%emt 00:00:11]} Bb4 {[%clk 01:40:23] [%emt 00:00:56]} 10.
Bd2 {[%clk 01:37:55] [%emt 00:06:56]} Bd6 {[%clk 01:38:10] [%emt 00:02:42]} 11.
Nc3 {[%clk 01:19:43] [%emt 00:18:42]} Bb7 {[%clk 01:25:24] [%emt 00:13:16]} 12.
Rc1 {[%clk 01:10:15] [%emt 00:09:58]} O-O {[%clk 01:24:16] [%emt 00:01:38]} 13.
a3 {[%clk 01:09:18] [%emt 00:01:27]} Nbd7 {[%clk 01:20:38] [%emt 00:04:07]} 14.
Be2 {[%clk 01:00:40] [%emt 00:09:09]} Ne5 {[%clk 01:06:47] [%emt 00:14:21]} 15.
f4 {[%clk 00:54:47] [%emt 00:06:23]} Nc4 {[%clk 01:06:32] [%emt 00:00:44]} 16.
Bxc4 {[%clk 00:52:14] [%emt 00:03:04]} bxc4 {[%clk 01:06:48] [%emt 00:00:14]}
17. Rf1 {[%clk 00:44:59] [%emt 00:07:45]} Rc8 {[%clk 00:59:41] [%emt 00:07:37]}
18. Nf3 {[%clk 00:41:19] [%emt 00:04:10]} Bc6 {[%clk 00:44:28] [%emt 00:15:43]}
19. Qc2 {[%clk 00:37:45] [%emt 00:04:04]} Qb6 {[%clk 00:42:38] [%emt 00:02:19]}
20. Kh1 {[%clk 00:36:50] [%emt 00:01:25]} Rfd8 {[%clk 00:40:50] [%emt 00:02:18]}
21. Rce1 {[%clk 00:34:03] [%emt 00:03:17]} Bb8 {[%clk 00:37:55] [%emt 00:03:26]}
22. Bc1 {[%clk 00:31:31] [%emt 00:03:01]} Rd3 {[%clk 00:31:59] [%emt 00:06:26]}
23. Nd4 {[%clk 00:30:21] [%emt 00:01:41]} Ba8 {[%clk 00:30:47] [%emt 00:01:41]}
24. Rd1 {[%clk 00:27:19] [%emt 00:03:33]} Qb7 {[%clk 00:29:27] [%emt 00:01:49]}
25. Nf3 {[%clk 00:24:49] [%emt 00:03:01]} Rcd8 {[%clk 00:28:52] [%emt 00:01:04]}
26. Qa4 {[%clk 00:22:25] [%emt 00:02:54]} Qc8 {[%clk 00:24:36] [%emt 00:04:46]}
27. Rxd3 {[%clk 00:17:07] [%emt 00:05:48]} cxd3 {[%clk 00:23:47] [%emt
00:01:18]} 28. Bd2 {[%clk 00:17:01] [%emt 00:00:37]} Ba7 {[%clk 00:21:24] [%emt
00:02:53]} 29. h3 {[%clk 00:15:45] [%emt 00:01:46]} Bc6 {[%clk 00:18:59] [%emt
00:02:55]} 30. Qa5 {[%clk 00:15:33] [%emt 00:00:42]} Bb8 {[%clk 00:14:41] [%emt
00:04:48]} 31. Ne5 {[%clk 00:11:55] [%emt 00:04:09]} Ba8 {[%clk 00:11:50] [%emt
00:03:20]} 32. b4 {[%clk 00:11:20] [%emt 00:01:06]} Bc7 {[%clk 00:11:12] [%emt
00:01:08]} 33. Qc5 {[%clk 00:11:28] [%emt 00:00:23]} Qb7 {[%clk 00:10:31] [%emt
00:01:10]} 34. Nf3 {[%clk 00:11:12] [%emt 00:00:46]} h6 {[%clk 00:09:01] [%emt
00:02:00]} 35. Qc4 {[%clk 00:08:44] [%emt 00:02:59]} e5 {[%clk 00:07:20] [%emt
00:02:11]} 36. Kh2 {[%clk 00:05:26] [%emt 00:03:48]} Rc8 {[%clk 00:05:13] [%emt
00:02:37]} 37. e4 {[%clk 00:01:21] [%emt 00:04:35]} exf4 {[%clk 00:04:40] [%emt
00:01:03]} 38. Qxd3 {[%clk 00:01:10] [%emt 00:00:40]} Rd8 {[%clk 00:05:05] [%emt
00:00:05]} 39. Qc2 {[%clk 00:00:41] [%emt 00:00:59]} Nxe4 {[%clk 00:04:18] [%emt
00:01:17]} 40. Nxe4 {[%clk 00:00:59] [%emt 00:00:13]} Qxe4 {[%clk 00:04:46]
[%emt 00:00:02]} 41. Qxc7 {[%clk 00:50:17] [%emt 00:01:12]} Rxd2 {[%clk
00:54:51] [%emt 00:00:24]} 42. Qa7 {[%clk 00:37:18] [%emt 00:13:29]} Bb7 {[%clk
00:46:52] [%emt 00:08:29]} 43. Rf2 {[%clk 00:33:32] [%emt 00:04:16]} Rd1 {[%clk
00:43:17] [%emt 00:04:04]} 44. Ng1 {[%clk 00:27:59] [%emt 00:06:03]} g5 {[%clk
00:29:32] [%emt 00:14:15]} 45. Re2 {[%clk 00:24:43] [%emt 00:03:46]} Qd4 {[%clk
00:29:31] [%emt 00:00:31]} 46. Qxd4 {[%clk 00:24:59] [%emt 00:00:15]} Rxd4
{[%clk 00:29:59] [%emt 00:00:02]} 47. Rb2 {[%clk 00:25:21] [%emt 00:00:08]} Rd3
{[%clk 00:25:38] [%emt 00:04:51]} 48. a4 {[%clk 00:25:32] [%emt 00:00:19]} Ra3
{[%clk 00:26:03] [%emt 00:00:05]} 49. a5 {[%clk 00:21:26] [%emt 00:04:36]} Kg7
{[%clk 00:22:53] [%emt 00:03:40]} 50. Ne2 {[%clk 00:21:50] [%emt 00:00:06]} Rd3
{[%clk 00:15:29] [%emt 00:07:53]} 51. b5 {[%clk 00:18:01] [%emt 00:04:21]} axb5
{[%clk 00:11:15] [%emt 00:04:44]} 52. Rxb5 {[%clk 00:18:25] [%emt 00:00:06]} Be4
{[%clk 00:11:16] [%emt 00:00:28]} 53. Re5 {[%clk 00:15:19] [%emt 00:03:37]} f5
{[%clk 00:07:52] [%emt 00:03:54]} 54. a6 {[%clk 00:15:22] [%emt 00:00:28]} Kf6
{[%clk 00:07:42] [%emt 00:00:39]} 55. Re8 {[%clk 00:15:22] [%emt 00:00:30]} Ra3
{[%clk 00:07:42] [%emt 00:00:30]} 56. Nd4 {[%clk 00:14:52] [%emt 00:01:00]} Rxa6
{[%clk 00:07:14] [%emt 00:00:57]} 57. Nf3 {[%clk 00:15:14] [%emt 00:00:08]} Bxf3
{[%clk 00:04:49] [%emt 00:02:55]} 0-1

[Site "Europe Echecs"]

[Event "Grand Swiss "]
[Date "2025.09.08"]
[White "Gurel, Ediz"]
[Black "Warmerdam, Max"]
[WhiteElo "2631"]
[BlackElo "2591"]
[Round "5.5.46"]
[Result "1-0"]

1. e4 {[%clk 01:40:57] [%emt 00:00:02]} e5 {[%clk 01:40:54] [%emt 00:00:06]} 2.
Nf3 {[%clk 01:41:18] [%emt 00:00:09]} Nc6 {[%clk 01:41:18] [%emt 00:00:05]} 3.
Bb5 {[%clk 01:41:41] [%emt 00:00:08]} a6 {[%clk 01:41:42] [%emt 00:00:06]} 4.
Ba4 {[%clk 01:42:04] [%emt 00:00:08]} Nf6 {[%clk 01:42:07] [%emt 00:00:04]} 5.
O-O {[%clk 01:42:22] [%emt 00:00:11]} d6 {[%clk 01:42:32] [%emt 00:00:05]} 6.
Bxc6+ {[%clk 01:42:14] [%emt 00:00:40]} bxc6 {[%clk 01:42:55] [%emt 00:00:06]}
7. Re1 {[%clk 01:42:14] [%emt 00:00:30]} c5 {[%clk 01:43:09] [%emt 00:00:16]} 8.
c3 {[%clk 01:40:00] [%emt 00:02:44]} Be7 {[%clk 01:43:33] [%emt 00:00:06]} 9. d4
{[%clk 01:38:00] [%emt 00:02:30]} cxd4 {[%clk 01:43:07] [%emt 00:00:56]} 10.
cxd4 {[%clk 01:38:24] [%emt 00:00:06]} exd4 {[%clk 01:43:32] [%emt 00:00:05]}
11. Nxd4 {[%clk 01:36:53] [%emt 00:02:01]} Bd7 {[%clk 01:43:55] [%emt 00:00:06]}
12. Nc3 {[%clk 01:36:12] [%emt 00:01:11]} O-O {[%clk 01:44:18] [%emt 00:00:08]}
13. Bf4 {[%clk 01:32:02] [%emt 00:04:40]} Re8 {[%clk 01:43:33] [%emt 00:01:14]}
14. Qc2 {[%clk 01:22:41] [%emt 00:09:52]} Qb8 {[%clk 01:30:03] [%emt 00:14:00]}
15. Rad1 {[%clk 01:17:52] [%emt 00:05:18]} Qb7 {[%clk 01:24:34] [%emt 00:05:59]}
16. h3 {[%clk 01:13:54] [%emt 00:04:28]} h6 {[%clk 01:11:15] [%emt 00:13:50]}
17. e5 {[%clk 00:55:48] [%emt 00:18:36]} Nh5 {[%clk 01:06:46] [%emt 00:04:58]}
18. Bh2 {[%clk 00:54:16] [%emt 00:02:02]} dxe5 {[%clk 01:02:32] [%emt 00:04:44]}
19. Bxe5 {[%clk 00:52:52] [%emt 00:01:54]} Bd6 {[%clk 00:54:15] [%emt 00:08:47]}
20. Bxd6 {[%clk 00:49:02] [%emt 00:04:20]} cxd6 {[%clk 00:54:39] [%emt
00:00:05]} 21. Qb3 {[%clk 00:38:12] [%emt 00:11:21]} Rxe1+ {[%clk 00:43:21]
[%emt 00:11:49]} 22. Rxe1 {[%clk 00:38:38] [%emt 00:00:04]} Qxb3 {[%clk
00:43:44] [%emt 00:00:07]} 23. Nxb3 {[%clk 00:38:23] [%emt 00:00:45]} Rb8 {[%clk
00:39:44] [%emt 00:04:29]} 24. Re2 {[%clk 00:37:19] [%emt 00:01:35]} Nf6 {[%clk
00:36:06] [%emt 00:04:08]} 25. Rd2 {[%clk 00:36:55] [%emt 00:00:54]} Rb6 {[%clk
00:35:35] [%emt 00:01:01]} 26. g4 {[%clk 00:35:58] [%emt 00:01:27]} Kf8 {[%clk
00:32:09] [%emt 00:03:57]} 27. f3 {[%clk 00:32:49] [%emt 00:03:39]} Ne8 {[%clk
00:21:25] [%emt 00:11:14]} 28. Nd4 {[%clk 00:27:07] [%emt 00:06:12]} Nc7 {[%clk
00:20:53] [%emt 00:01:02]} 29. Kf2 {[%clk 00:27:00] [%emt 00:00:38]} h5 {[%clk
00:15:51] [%emt 00:05:32]} 30. Kg3 {[%clk 00:23:56] [%emt 00:03:33]} hxg4 {[%clk
00:15:34] [%emt 00:00:47]} 31. hxg4 {[%clk 00:20:18] [%emt 00:04:09]} Be6 {[%clk
00:11:25] [%emt 00:04:40]} 32. b3 {[%clk 00:17:04] [%emt 00:03:43]} Bd7 {[%clk
00:10:56] [%emt 00:01:00]} 33. f4 {[%clk 00:14:32] [%emt 00:03:02]} g6 {[%clk
00:10:10] [%emt 00:01:16]} 34. f5 {[%clk 00:11:56] [%emt 00:03:06]} gxf5 {[%clk
00:07:49] [%emt 00:02:51]} 35. gxf5 {[%clk 00:12:21] [%emt 00:00:04]} Nb5 {[%clk
00:03:02] [%emt 00:05:17]} 36. Nd5 {[%clk 00:11:39] [%emt 00:01:12]} Rb7 {[%clk
00:01:53] [%emt 00:01:39]} 37. Kf4 {[%clk 00:10:02] [%emt 00:02:07]} Nxd4 {[%clk
00:02:09] [%emt 00:00:14]} 38. Rxd4 {[%clk 00:10:28] [%emt 00:00:04]} Rb5 {[%clk
00:01:25] [%emt 00:01:15]} 39. b4 {[%clk 00:08:15] [%emt 00:02:43]} Rb8 {[%clk
00:01:01] [%emt 00:00:53]} 40. Kg5 {[%clk 00:06:42] [%emt 00:02:03]} Kg7 {[%clk
00:00:41] [%emt 00:00:51]} 41. f6+ {[%clk 00:03:21] [%emt 00:03:51]} Kg8 {[%clk
00:00:53] [%emt 00:00:17]} 42. Ne7+ {[%clk 00:50:02] [%emt 00:03:49]} Kf8 {[%clk
00:51:18] [%emt 00:00:05]} 43. Rxd6 {[%clk 00:50:27] [%emt 00:00:05]} Bb5 {[%clk
00:40:34] [%emt 00:11:14]} 44. a3 {[%clk 00:49:58] [%emt 00:01:00]} Ke8 {[%clk
00:39:12] [%emt 00:01:52]} 45. Nf5 {[%clk 00:48:45] [%emt 00:01:43]} 1-0

[Site "Europe Echecs"]